| 000 | 00879nab a2200253 u 4500 | ||
|---|---|---|---|
| 001 | 08947 | ||
| 003 | HDC | ||
| 007 | cr bn --- | ||
| 008 | 210131p2016 xx n |0 eng | ||
| 022 | _a2289-8441 | ||
| 040 | _aHDC | ||
| 100 |
_aSuhana Mohezara, _eauthor _99365 |
||
| 245 | 0 |
_aCorporate Social Responsibility in the Malaysian Food Retailing Industry / _cby Suhana Mohezara [and 4 other] |
|
| 260 |
_a[No place] : _b[publisher not identified], _c2016 |
||
| 336 |
_atext _2rdacontent |
||
| 337 |
_acomputer _2rdamedia |
||
| 338 |
_aonline resource _2rdacarrier |
||
| 650 |
_aBusiness _9207 |
||
| 650 |
_aFood industry and trade _9140 |
||
| 856 | _zRequest full-text at [email protected] | ||
| 942 | _2lcc | ||
| 942 | _cAR | ||
| 942 | _kJART 000115 | ||
| 999 |
_c6270 _d6270 |
||